000 00330nam a2200109Ia 4500
005 20251222143318.0
008 251222s9999||||xx |||||||||||||| ||spa||
082 _a269.2/N89
245 0 _aLa Nueva Evangelización en la Situación de Violencia en el Perú
264 _bComisión Episcopal de Movimientos Apostólicos
942 _cLIB
999 _c15989
_d15989